G20@2023 The Roadmap to Indian Presidency/ (Record no. 206593)

MARC details
000 -LEADER
fixed length control field 00578nam a2200193 4500
005 - DATE AND TIME OF LATEST TRANSACTION
control field 20241023111959.0
010 ## - LCCN (DPL NO)
LC control number ENG-142279
020 ## - INTERNATIONAL STANDARD BOOK NUMBER
Terms of availability 995.00
International Standard Book Number 9788192375205
035 ## - SYSTEM CONTROL NUMBER
System control number EN-125812
037 ## - SOURCE OF ACQUISITION
Source of stock number/acquisition DBAD
082 ## - DEWEY DECIMAL CLASSIFICATION NUMBER
Classification number 320.954
100 ## - MAIN ENTRY--PERSONAL NAME
Personal name Srinivas, V.
245 ## - TITLE STATEMENT
Title G20@2023 The Roadmap to Indian Presidency/
Remainder of title V. Srinivas
250 ## - EDITION STATEMENT
Edition statement First
260 ## - PUBLICATION, DISTRIBUTION, ETC. (IMPRINT)
Name of publisher, distributor, etc Pentagon Press LLP
Place of publication, distribution, etc New Delhi
Date of publication, distribution, etc 2023
270 ## - ADDRESS
Address 206,Peacock Lane,Shahpur Jat
City New Delhi
Postal code 110049
Telephone number 01164706243
300 ## - PHYSICAL DESCRIPTION
Extent 283p.
Dimensions 24cm(hb)
942 ## - ADDED ENTRY ELEMENTS (KOHA)
Source of classification or shelving scheme Dewey Decimal Classification
Item type English Books
Classification part 320.954
Call number suffix SRI
Edition 2023
Holdings
Withdrawn status Lost status Not for loan Collection code Home library Current library Date acquired Source of acquisition Cost, normal purchase price Full call number Barcode Copy number Cost, replacement price Koha item type
      Non-fiction Bawana Bawana 23/10/2024 DBAD 995.00 320.954 SRI EN-125812 1 995.00 English Books

© Delhi Public Library
Hit Counter
free hit counter